00564 2200205 4500001002100000005001500021035002000036007000300056008004100059082001200100084001800112245008400130250000600214260004500220300002400265650002000289650002500309111001000334990001400344INLIS00000000000337820250114085452 a0010-0125000013ta250114 d 0 ind  a371.805 a371.805 VII o1 aOuting Class SMP Negeri 15 Kota Bogor :bAnjungan Bali - TMII Kelas 7A /cVII A a1 aBogor :bSMP Negeri 15 Kota Bogor,c2024 a70 Halaman ;c21 CM 4aPublikasi Siswa 4aStudent Publications0 aVII A aKS-25/001